Cookie clicker buildings - Statistics

General Stats
  • This quiz has been taken 42 times
  • The average score is 13 of 18
Answer Stats
99 Answer % Correct
2 Grandma
92%
5 Factory
88%
3 Farm
88%
6 Bank
85%
1 Cursor
85%
4 Mine
85%
8 Wizard tower
81%
7 Temple
77%
11 Portal
73%
9 Shipment
73%
12 Time machine
73%
10 Alchemy lab
69%
14 Prism
69%
15 Chancemaker
58%
17 Javascript console
54%
16 Fractal engine
46%
18 Idleverse
46%
13 Condenser
8%
No matching quizzes found
Score Distribution
Percent of People with Each Score
Percentile by Number Answered
Your Score History
You have not taken this quiz